Lowest Capital Cities - Statistics

General Stats
  • This quiz has been taken 99 times
  • The average score is 11 of 30
Answer Stats
Altitude (m) Country City % Correct
-2 Netherlands Amsterdam
79%
0 Maldives Malé
57%
0 St. Vincent & Grenadines Kingstown
56%
0 Samoa Apia
55%
0 Fiji Suva
55%
0 Denmark Copenhagen
54%
0 Vanuatu Port Vila
45%
0 Singapore Singapore
45%
0 Seychelles Victoria
45%
0 Trinidad & Tobago Port-of-Spain
44%
0 Kiribati South Tarawa
44%
0 Palau Ngerulmud
40%
0 Antigua & Barbuda Saint John's
40%
0 Tonga Nuku'alofa
39%
0 St Kitts and Nevis Basseterre
38%
0 Dominica Roseau
38%
0 Dominican Republic Santo Domingo
36%
-28 Azerbaijan Baku
35%
0 Cape Verde Praia
35%
0 Tunisia Tunis
35%
0 Guyana Georgetown
33%
0 Monaco Monaco
31%
0 Djibouti Djibouti
27%
0 Brunei B.S.B.
23%
0 Panama Panama City
19%
0 Gambia Banjul
17%
0 Guinea Conakry
17%
0 Liberia Monrovia
17%
0 Guinea-Bissau Bissau
14%
0 Gabon Libreville
11%
No matching quizzes found
Score Distribution
Percent of People with Each Score
Percentile by Number Answered
Your Score History
You have not taken this quiz